84 charing cross road

Bibliographic Details
Main Author: Hanff, Helene
Format: Book
Published: London : MacDonald & Co (Publishers) Ltd , 1987
Subjects:

MARC

LEADER 00000cam a2200000 7i4500
001 0000008807
002 000009604
005 20000330.0
020 |a 0860074382 
090 0 0 |a 920   |b HAN 
100 1 |a Hanff, Helene 
245 1 0 |a 84 charing cross road   |c Helene Hanff 
260 |a London :   |b MacDonald & Co (Publishers) Ltd ,   |c 1987 
300 |a 220 p. ;   |c 18 cm. 
650 0 0 |a Helene Hanff   |x Biography 
650 0 0 |a Love letters 
999 |a 0013347   |b BUKU   |c PINJAMAN   |e PERPUSTAKAAN KOMUNITI PETALING JAYA